Countries of europe - Statistics

General Stats
  • This quiz has been taken 19 times
  • The average score is 41 of 44
Answer Stats
Answer % Correct
Belgium
100%
Finland
100%
France
100%
Germany
100%
Ireland
100%
Liechtenstein
100%
Poland
100%
Portugal
100%
Russia
100%
Slovenia
100%
Spain
100%
United kingdom
100%
Vatican City
100%
Andorra
95%
Belarus
95%
Estonia
95%
Italy
95%
Luxembourg
95%
Netherlands
95%
Norway
95%
Romania
95%
San marino
95%
Slovakia
95%
Sweden
95%
Switzerland
95%
Albania
89%
Bosnia and Herzegovina
89%
Croatia
89%
Denmark
89%
Greece
89%
Hungary
89%
Kosovo
89%
Lithuania
89%
Malta
89%
Monaco
89%
Montenegro
89%
Ukraine
89%
Bulgaria
84%
Czechia
84%
Iceland
84%
Latvia
84%
North Macedonia
84%
Serbia
84%
Moldova
79%
No matching quizzes found
Score Distribution
Percent of People with Each Score
Percentile by Number Answered
Your Score History
You have not taken this quiz